| 000 | 00822nam a2200241Ia 4500 | ||
|---|---|---|---|
| 003 | OSt | ||
| 005 | 20220923224603.0 | ||
| 006 | a|||||r|||| 00| 0 | ||
| 007 | ta | ||
| 008 | 220922b |||||||| |||| 00| 0 pan d | ||
| 020 | _c250 | ||
| 024 | _a243,770 | ||
| 037 |
_b303, 08/10/2010, H.K. Prakashan _cTextual |
||
| 040 |
_aARTS _cARTS _bpan |
||
| 041 |
_2pan _apan |
||
| 082 | _aO153,3N33:g, P3 | ||
| 100 |
_aਰਾਜਿੰਦਰ ਸਿੰਘ _9156275 |
||
| 245 | 0 | _aਨਾਵਲਕਾਰ ਗੁਰਦਿਆਲ ਸਿੰਘ ਦੀ ਤ੍ਰਾਸਦ-ਦ੍ਰਿFਟੀ | |
| 260 |
_aਲੁਧਿਆਣਾ _b ਚੇਤਨਾ _c2003 |
||
| 300 |
_a256ਪੰ _ccm. |
||
| 942 |
_hO153,3N33:g, P3 _cTEXL _2CC |
||
| 999 |
_c372363 _d372363 |
||